Numerical methods for structured Markov chains : D.A Bini, G. Latouche, B. Meini

Αποθηκεύτηκε σε:
Λεπτομέρειες βιβλιογραφικής εγγραφής
Κύριος συγγραφέας: Bini, Dario
Άλλοι συγγραφείς: Latouche, G. (Guy), Meini, B. (Beatrice)
Μορφή: Βιβλίο
Γλώσσα:English
Δημοσίευση: Oxford ; New York : Oxford University Press, 2005
Σειρά:Numerical mathematics and scientific computation
Θέματα:
Ετικέτες: Προσθήκη ετικέτας
Δεν υπάρχουν, Καταχωρήστε ετικέτα πρώτοι!

MARC

LEADER 00000nam a2200000 i 4500
001 1/52847
008 070828s2005 eng d
020 |a 0-19-852768-3 
035 |l 10090117 
040 |a GR-MY-UA  |b gre  |e aacr 
041 0 |a eng 
082 0 |a 519.235  |2 (22) 
100 1 |a Bini, Dario. 
245 1 0 |a Numerical methods for structured Markov chains :  |b D.A Bini, G. Latouche, B. Meini 
260 |a Oxford ; New York :   |b Oxford University Press,   |c 2005 
300 |a xi, 327 σ.;  |b εικ.;  |c 24 εκ. 
490 1 |a Numerical mathematics and scientific computation 
504 |a Περιλαμβάνει βιβλιογραφικές παραπομπές (σ. 315-323) και ευρετήριο. 
650 0 0 |a Markov processes  |x Numerical solutions. 
700 1 |a Latouche, G.  |q (Guy) 
700 1 |a Meini, B.  |q (Beatrice) 
830 0 |a Numerical mathematics and scientific computation 
852 |a INST  |b SAMOS  |e 20070828  |h 519.233 BIN  |p 005300028408  |q 005300028408  |t BK  |y 0 
901 |a BIBL3-2007-2 
909 |a Σ  |b 136743 
922 |a 3ΕΛΗ  |b 200707  |c ΕΠΕΑΕΚ2/ΤΜΗΜΑ ΜΑΘΗΜΑΤΙΚΩΝ  |d ΕΛΕΥΘΕΡΟΥΔΑΚΗΣ 
970 |a ΣΙΤΖΙΜΗ  |b ΓΙΑΣΕΜΗ  |z 2007/08/28